Govt. of
Madhya Pradesh

Hearts In Atlantis (Record no. 31285)

MARC details
000 -LEADER
fixed length control field 004350000a22001810004500
003 - CONTROL NUMBER IDENTIFIER
control field MACL
005 - DATE AND TIME OF LATEST TRANSACTION
control field 20160130143452.0
008 - FIXED-LENGTH DATA ELEMENTS--GENERAL INFORMATION
fixed length control field 160130b xxu||||| |||| 00| 0 eng d
040 ## - CATALOGING SOURCE
Original cataloging agency MACL
Transcribing agency MACL
041 ## - LANGUAGE CODE
Language code of text/sound track or separate title English
082 ## - DEWEY DECIMAL CLASSIFICATION NUMBER
Classification number 823/KIN
100 ## - MAIN ENTRY--PERSONAL NAME
Personal name King, Stephen
9 (RLIN) 35273
245 ## - TITLE STATEMENT
Title Hearts In Atlantis
260 ## - PUBLICATION, DISTRIBUTION, ETC. (IMPRINT)
Name of publisher, distributor, etc. New English Library
Date of publication, distribution, etc. 1994
Place of publication, distribution, etc. London
350 ## - PRICE (NR) (BK AM CF MU VM SE) [OBSOLETE]
Price 219
650 ## - SUBJECT ADDED ENTRY--TOPICAL TERM
Topical term or geographic name as entry element Fiction
9 (RLIN) 36147
942 ## - ADDED ENTRY ELEMENTS (KOHA)
Koha item type Books
Call number prefix 823/KIN
Source of classification or shelving scheme
Holdings
Withdrawn status Lost status Source of classification or shelving scheme Damaged status Not for loan Home library Current library Date acquired Cost, normal purchase price Total Checkouts Full call number Barcode Date last seen Uniform Resource Identifier Price effective from Koha item type
          MACL MACL 30/01/2016 219.00   823/KIN CLC001907 29/04/2015 31337 15/04/2015 Books